00578nam a2200157 a 4500008004100000050001600041100001900057245002900076250001200105260003200117300002100149350000900170995009200179999001700271952013200288120416s1951 ||||||||||||||||| || u aTJ 1165 Axe aAxelrod, Aaron10aMachine shop mathematics a2nd ed. aNew YorkbMcGraw-Hillc1951 axi, 359p. : ill. a0.00 D0.00FCBU-MAIN LIBRARY (Kitwe)H1I3.60UAVAILABLEZMain Library Open Access Collection c49582d49582 00102lcc4070a001b001cMain Library Open Access Collectiond2022-11-30l0oTJ 1165 Axep016064r2022-11-30w2022-11-30y002